000 00521nam a2200181Ia 4500
001 7797
005 20260306160521.0
008 260306t2014||||xx |||||||||||||| ||spa||
041 _aESP
082 _a362.29
_bC76E
110 _aComisión Nacional para el Desarrollo y Vida sin Drogras
245 0 _aI Estudio sobre prevención y consumo de drogas en la población general de lima metropolitana y el callao - 2013
260 _c2014
300 _a
_c
650 _aGEN
654 _aCPS
942 _cLIB
_dJUS
_fJUS
_2ddc
_n
999 _c7797
_d7797